000 01341nam a2200313 c 4500
999 _c174492
_d174492
003 BLK
005 20230406030256.0
008 180411b bul|||||r ||||||| ||bul||
010 _aKNG00182978000
040 _aBLK
041 _aBUL
_cBUL
080 _aБългарска литература
_b821.163.2
_x-1
_z821.163.2-1
080 _aБългарска литература
_b821.163.2
_x-94
_z821.163.2-94
139 _aХристов, Кирил
_bХ 78
245 1 0 _aИзбрани творби
_cКирил Христов; подб. и ред. Кръстьо Куюмджиев; подб. и ред. Светла Гюрова; с предг. от Кръстьо Куюмджиев.
257 _aBGR
260 _aСофия
_bБълг. писател
_c1975
300 _a503 с.
_b5 л. портр.
_c21 см
380 _aX
500 _a3 100 тир
700 1 _aКуюмджиев, Кръстьо
_eподб. и ред.
_9376214
700 1 _aГюрова, Светла
_eподб. и ред.
_9369276
700 1 _aКуюмджиев, Кръстьо
_eс предг. от
_9376214
852 _aЦб 77528
_bЦб
856 4 _qpdf
856 4 _qpdf
942 _cKNG
_n0
_s1
944 _aCR
_c30.09.2015
_kХристина_Везирева
944 _aED
_c14.09.2017
_kЕлица_Владова
944 _aED
_c2022-10-04
_kВП
999 _d174492